000
00327 a2200157 4500
001
57537
020
_a
9788508107131
040
_c
Anchieta - Pituba
100
_a
Sabino, Fernando
240
1
0
_a
Martini seco
_l
por
245
1
0
_a
Martini seco
300
_a
88
362
0
_a
2008
650
4
_a
Literatura juvenil
942
_c
BK
999
_c
57537
_d
57537